| 000 | 01123nam a2200229Ia 4500 | ||
|---|---|---|---|
| 001 | L235-8154 | ||
| 003 | IT-CnALBA | ||
| 008 | 170116s9999||||xx |||||||||||||| ||und|| | ||
| 040 |
_aIT-CnALBA _cIT-CnALBA |
||
| 041 | _aITALIANO | ||
| 100 | _aBORZI SAC. ATTILIO | ||
| 245 | 0 | _aL'ASCETICA DEL MESSAGGIO DI FATIMA. | |
| 250 | _a1a ed. | ||
| 260 |
_a ROMA _bCENTRO MARIANO MONFORTANO EDIZ. _c1967 [1° Ed.:1967 - Ed.Ling.Originale: 1967] |
||
| 300 | _a155 p. (prefazione: 34) | ||
| 500 | _aMESSAGGIO DI FATIMA. PENITENZA PREGHIERA. ROSARIO. ANNUNCIAZIONE. VISITAZIONE. NASCITA DI GESÙ. ETC... SALVE REGINA. LITANIE LAURETANE. SCAPOLARE DEL CARMINE. CUORE IMMACOLATO DI MARIA. CONSACRAZIONE. | ||
| 501 | _aSocietà San Paolo EM - Piazza San Paolo, 14 - 12051 ALBA (CN) (non commercial uses only) ® Copyright 2017 | ||
| 520 | _aMESSAGGIO DI FATIMA. PENITENZA PREGHIERA. ROSARIO. ANNUNCIAZIONE. VISITAZIONE. NASCITA DI GESÙ. ETC... SALVE REGINA. LITANIE LAURETANE. SCAPOLARE DEL CARMINE. CUORE IMMACOLATO DI MARIA. CONSACRAZIONE. | ||
| 650 | _aMARIA SS. ANGELI SANTI DEMONI | ||
| 942 | _cBK | ||
| 957 | _71 | ||
| 999 |
_a9130 _bNO _g Copie: 1 _c267332 _d267332 |
||